LEADER 01541oam 2200445 a 450 001 9910698429703321 005 20230902162158.0 035 $a(CKB)3460000000104838 035 $a(OCoLC)605965647 035 $a(EXLCZ)993460000000104838 100 $a20100409d2010 ua 0 101 0 $aeng 135 $aurbn||||||||| 181 $ctxt$2rdacontent 182 $cc$2rdamedia 183 $acr$2rdacarrier 200 10$aAfghanistan's impact on Pakistan$b[electronic resource] $ehearing before the Committee on Foreign Relations, United States Senate, One Hundred Eleventh Congress, first session, October 1, 2009 210 1$aWashington :$cU.S. G.P.O.,$d2010. 215 $a1 online resource (iii, 55 pages) 225 1 $aS. hrg. ;$v111-295 300 $aTitle from title screen (viewed on Apr. 9, 2010). 320 $aIncludes bibliographical references. 517 $aAfghanistan's impact on Pakistan 606 $aInternal security$zPakistan 606 $aPolitical stability$zPakistan 606 $aAfghan War, 2001-2021 606 $aMilitary assistance, American$zAfghanistan 607 $aUnited States$xRelations$zPakistan 607 $aPakistan$xRelations$zUnited States 615 0$aInternal security 615 0$aPolitical stability 615 0$aAfghan War, 2001-2021. 615 0$aMilitary assistance, American 801 0$bGPO 801 1$bGPO 801 2$bGPO 906 $aBOOK 912 $a9910698429703321 996 $aAfghanistan's impact on Pakistan$93493173 997 $aUNINA